Winning friends for Christ / (Record no. 7199)

MARC details
000 -LEADER
fixed length control field 00712cam a22002537a 4500
001 - CONTROL NUMBER
control field 735738
003 - CONTROL NUMBER IDENTIFIER
control field GBCCL
005 - DATE AND TIME OF LATEST TRANSACTION
control field 20241126110622.0
008 - FIXED-LENGTH DATA ELEMENTS--GENERAL INFORMATION
fixed length control field 980902s1997 mou 000 0 eng
010 ## -
-- 98191228
020 ## - INTERNATIONAL STANDARD BOOK NUMBER
International Standard Book Number 0570096863
040 ## - CATALOGING SOURCE
Original cataloging agency DLC
Transcribing agency DLC
050 00 -
-- MLCM 98/02983 (B)
082 ## - DEWEY DECIMAL CLASSIFICATION NUMBER
Classification number 269.2
Item number SIM
100 1# - MAIN ENTRY--PERSONAL NAME
Personal name Sims, Carolyn.
9 (RLIN) 12751
245 10 - TITLE STATEMENT
Title Winning friends for Christ /
Statement of responsibility, etc. by Carolyn Sims.
260 ## - PUBLICATION, DISTRIBUTION, ETC.
Place of publication, distribution, etc. St. Louis, MO :
Name of publisher, distributor, etc. Concordia Pub. House,
Date of publication, distribution, etc. c1997.
300 ## - PHYSICAL DESCRIPTION
Extent 96 p. ;
Dimensions 23 cm.
490 1# - SERIES STATEMENT
Series statement New life series
830 #0 -
-- New life series (St. Louis, Mo.)
-- 12752
906 ## - LOCAL DATA ELEMENT F, LDF (RLIN)
a 7
b cbc
c orignew
d u
e ncip
f 19
g y-gencatlg
942 ## - ADDED ENTRY ELEMENTS (KOHA)
Source of classification or shelving scheme Dewey Decimal Classification
Koha item type Books
Koha issues (borrowed), all copies 2
Holdings
Withdrawn status Lost status Source of classification or shelving scheme Damaged status Not for loan Home library Current Library Shelving location Date acquired Total checkouts Full call number Barcode Date last seen Date last checked out Copy number Price effective from Koha item type
    Dewey Decimal Classification     GRACE BIBLE COLLEGE GRACE BIBLE COLLEGE Ministry & Mission 2018-07-18 2 269.2 SIM 013426 2025-05-01 2024-09-06 c.1 2018-07-18 Books
© Grace Bible College Library 2025